| 000 | 00794nam a22002057a 4500 | ||
|---|---|---|---|
| 999 |
_c7825 _d7825 |
||
| 003 | AR-CdUCM | ||
| 008 | 190321b ||||| |||| 00| 0 spa d | ||
| 040 |
_aMUNICIPALIDAD PROVINCIAL DEL CUSCO _cBIBLIOTECA MUNICIPAL DEL CUSCO |
||
| 082 |
_aC / 636.296 / _bR94 |
||
| 100 |
_aRuiz de Castilla Marín, Mario _922126 |
||
| 245 |
_aCamelicultura : _balpacas y llamas del sur del Perú / |
||
| 260 |
_aQosqo : _bMercantil, _c1994. |
||
| 300 |
_a206 páginas ; _bIlustraciones, _c20 cm. |
||
| 505 | _aContenido: Generalidades -- La pradera nativa -- Procesos nutricionales -- Procesos reproductivos -- Genética y mejoramiento -- productos de los camelidos. | ||
| 650 |
_aAuquenidos _922127 |
||
| 650 |
_aPerú _935 |
||
| 710 |
_aMunicipalidad del Qosqo _96414 |
||
| 942 |
_2ddc _cLIBROS |
||
| 945 | _aacv | ||